000 01121nam a2200313 i 4500
003 DO-SdBPM
005 20241213105651.0
007 ta
008 140626s2023 dr a c 000 0 spa d
020 _a9789945510638
040 _aDO-SdBNP
_bspa
_cBPMSU
_erda
082 4 _aRD863.44
_bC117v 2023
_222
100 1 _aCabral, Lucía Amelia,
_eautora
245 1 3 _aVirtuoso :
_bJuan Bobo y Pedro Artimaña : una versión más del cuento folclórico /
_cLucia Amelia Cabral ; ilustraciones Adela Dore
246 1 2 _aVirtuoso, Juan Bobo y Pedro Artimaña
264 _aSanto Domingo :
_bMinisterio de Cultura
_c2023
300 _a15 páginas :
_bilustraciones ;
_c27 cm.
336 _2rdacontent
_atexto
_btxt
337 _2rdamedia
_asin mediación
_bn
338 _2rdacarrier
_avolumen
_bnc
490 0 _aBiblioteca Infantil
590 _aInventariado, 2024/VM
650 4 _aCuentos infantiles dominicanos
650 4 _aLiteratura infantil dominicana
700 1 _aDore, Adela
_eilustraciones
710 2 _aMinisterio de Cultura (República Dominicana)
910 _aVMateo V. Control de calidad
942 _2ddc
_cBK
999 _c14887
_d14887